Green Day - Saviors - Statistics

General Stats
  • This quiz has been taken 20 times
  • The average score is 10 of 15
Answer Stats
Answer % Correct
The American Dream Is Killing Me
89%
Dilemma
83%
Saviors
83%
Bobby Sox
78%
One Eyed Bastard
78%
Father to a Son
72%
Look Ma, No Brains!
72%
Suzie Chapstick
72%
Corvette Summer
67%
1981
61%
Coma City
56%
Goodnight Adeline
56%
Fancy Sauce
50%
Living in the '20s
50%
Strange Days Are Here to Stay
44%
No matching quizzes found
Score Distribution
Percent of People with Each Score
Percentile by Number Answered
Your Score History
You have not taken this quiz